000 00338 a2200157 4500
001 164169
020 _a
040 _cMagnum
100 _aPrieto, Heloisa
240 1 0 _aDivinas aventuras
_lpor
245 1 0 _aDivinas aventuras
362 0 _a1899
440 1 _aCompanhia das Letrinhas
697 _aIJ/LENDAS, FOLCLORE
942 _cBK
999 _c164169
_d164169